|
|
|
|
| LEADER |
00629nab a2200193 i 4500 |
| 001 |
publ15145 |
| 005 |
20190417161016.0 |
| 008 |
190417s2018 hu o 0|| zxx d |
| 022 |
|
|
|a 1419-0222
|
| 024 |
7 |
|
|a 10.14232/belv.2018.4.7
|2 doi
|
| 024 |
7 |
|
|a 30430527
|2 mtmt
|
| 040 |
|
|
|a SZTE Publicatio Repozitórium
|b hun
|
| 041 |
|
|
|a zxx
|
| 100 |
1 |
|
|a Balogh Péter
|
| 245 |
1 |
0 |
|a Cooperation in conflict
|h [elektronikus dokumentum] /
|c Balogh Péter
|
| 260 |
|
|
|c 2018
|
| 300 |
|
|
|a 108-123
|
| 490 |
0 |
|
|a BELVEDERE MERIDIONALE
|v 30 No. 4
|
| 856 |
4 |
0 |
|u http://publicatio.bibl.u-szeged.hu/15145/1/Balogh_Cooperation_Belvedere_2018.pdf
|z Dokumentum-elérés
|